Guess the country by person - Statistics

General Stats
  • This quiz has been taken 162 times
  • The average score is 6 of 12
Answer Stats
Picture Answer % Correct
India
96%
China
90%
Niger
81%
Ireland
68%
USA
60%
South korea
55%
Somalia
40%
Congo
32%
Ethiopia
32%
Ghana
30%
Australia
24%
Turkey
19%
No matching quizzes found
Score Distribution
Percent of People with Each Score
Percentile by Number Answered
Your Score History
You have not taken this quiz